The official CHFI exam 312-49 study guide : for computer hacking forensics investigators. (Record no. 11631)

000 -LEADER
fixed length control field 01127cam a22003137a 4500
001 - CONTROL NUMBER
control field 15143012
005 - DATE AND TIME OF LATEST TRANSACTION
control field 20170105102345.0
008 - FIXED-LENGTH DATA ELEMENTS--GENERAL INFORMATION
fixed length control field 080115s2007 maua 001 0 eng d
010 ## - LIBRARY OF CONGRESS CONTROL NUMBER
LC control number 2008270319
020 ## - INTERNATIONAL STANDARD BOOK NUMBER
International Standard Book Number 9781597491976
020 ## - INTERNATIONAL STANDARD BOOK NUMBER
International Standard Book Number 1597491977 (pbk.)
035 ## - SYSTEM CONTROL NUMBER
System control number (OCoLC)ocn188032938
040 ## - CATALOGING SOURCE
Original cataloging agency YDX
Transcribing agency YDX
Modifying agency ZQP
-- YDXCP
-- DLC
042 ## - AUTHENTICATION CODE
Authentication code lccopycat
050 00 - LIBRARY OF CONGRESS CALL NUMBER
Classification number QA76.9.A25
Item number O34 2007
082 04 - DEWEY DECIMAL CLASSIFICATION NUMBER
Classification number 005.8
Edition number 22
245 04 - TITLE STATEMENT
Title The official CHFI exam 312-49 study guide : for computer hacking forensics investigators.
Remainder of title for computer hacking forensics investigators.
246 3# - VARYING FORM OF TITLE
Title proper/short title Exam 312-49 study guide
260 ## - PUBLICATION, DISTRIBUTION, ETC.
Place of publication, distribution, etc. Burlington, MA :
Name of publisher, distributor, etc. Syngress Pub. ,
Date of publication, distribution, etc. c2007.
300 ## - PHYSICAL DESCRIPTION
Extent xvi, 939 p. :
Other physical details ill. ;
Dimensions 24 cm.
650 #0 - SUBJECT ADDED ENTRY--TOPICAL TERM
Topical term or geographic name entry element Computer security.
650 #0 - SUBJECT ADDED ENTRY--TOPICAL TERM
Topical term or geographic name entry element Computer crimes.
700 1# - ADDED ENTRY--PERSONAL NAME
Personal name Kleiman, Dave.
856 42 - ELECTRONIC LOCATION AND ACCESS
Materials specified Publisher description
Uniform Resource Identifier <a href="http://www.loc.gov/catdir/enhancements/fy0808/2008270319-d.html">http://www.loc.gov/catdir/enhancements/fy0808/2008270319-d.html</a>
906 ## - LOCAL DATA ELEMENT F, LDF (RLIN)
a 7
b cbc
c copycat
d 2
e ncip
f 20
g y-gencatlg
942 ## - ADDED ENTRY ELEMENTS (KOHA)
Source of classification or shelving scheme
Koha item type Book
Holdings
Withdrawn status Lost status Damaged status Not for loan Collection code Permanent Location Current Location Shelving location Date acquired Source of acquisition Cost, normal purchase price Total Checkouts Total Renewals Full call number Barcode Date last seen Date last checked out Price effective from Koha item type
          Central Library (CL) Central Library (CL) First Floor - Artificial Intelligence/Data Mining 03/07/2013 Allied Book Company 5242.92 4 1 005.8 SEECS012100 10/24/2018 10/01/2018 01/05/2017 Book
© 2023 Central Library, National University of Sciences and Technology. All Rights Reserved.